000 00504nam a22001937a 4500
003 CEME
005 20210628201824.0
008 210222b xxu||||| |||| 00| 0 eng d
020 _a0-07-114214-2
040 _c.
082 _a620.106 FRA
100 _aFranzini, Joseph.B Finnemore, E.John
_956964
245 _aFluid mechanics, with engineering applications
250 _a9TH
260 _aBOSTON
_bMCGRAW HILL
_c1997
300 _aXXI,807P
650 _aFLUID MECHANICS
_91678
942 _cBK
_2ddc
999 _c567286
_d567286